000 01557cam a22003857a 4500
001 16151179
003 OSt
005 20150408114037.0
008 100324s2010 dcua b 001 0 eng d
010 _a 2010925421
020 _a9780883857632
020 _a0883857634
035 _a(OCoLC)ocn501976971
040 _aYDXCP
_cYDXCP
_dHF9
_dTXA
_dCDX
_dCOD
_dDLC
042 _alccopycat
050 0 0 _aQA474
_b.B944 2010
082 0 0 _a516.2
_223
100 1 _aByer, Owen.
_914520
245 1 0 _aMethods for Euclidean geometry /
_cOwen Byer, Felix Lazebnik, Deirdre L. Smeltzer.
260 _aWashington, DC :
_bMathematical Association of America,
_cc2010.
300 _axvi, 461 p. :
_bill. ;
_c28 cm.
490 0 _aClassroom resource materials
504 _aIncludes bibliographical references (p. 451-453) and index.
650 0 _aGeometry, Modern
_xPlane.
_914521
650 0 _aEuclid's Elements.
_914522
650 0 _aGeometry
_xFoundations.
_914523
700 1 _aLazebnik, Felix.
_914524
700 1 _aSmeltzer, Deirdre L.
_914525
710 2 _aMathematical Association of America.
_914464
856 4 2 _3Contributor biographical information
_uhttp://www.loc.gov/catdir/enhancements/fy1114/2010925421-b.html
856 4 2 _3Publisher description
_uhttp://www.loc.gov/catdir/enhancements/fy1114/2010925421-d.html
856 4 1 _3Table of contents only
_uhttp://www.loc.gov/catdir/enhancements/fy1114/2010925421-t.html
942 _2ddc
_cBOOK
999 _c23422
_d257922